[Event "BCF-chT3W 2223 (4NCL)"]
[Site "England"]
[Date "2023.03.18"]
[Round "7.45"]
[White "Blinov, Roman"]
[Black "Green, Anthony J"]
[Result "1-0"]
[WhiteElo "1945"]
[BlackElo "1961"]
[PlyCount "77"]
[EventDate "2022.10.22"]
[EventType "team-tourn"]
[EventRounds "11"]
[EventCountry "ENG"]
[SourceTitle "EXT 2024"]
[Source "ChessBase"]
[SourceDate "2023.10.10"]
[SourceVersion "1"]
[SourceVersionDate "2023.10.10"]
[SourceQuality "1"]
[WhiteTeam "Oxford II"]
[BlackTeam "Warwicks Select II"]
[WhiteTeamCountry "ENG"]
[BlackTeamCountry "ENG"]

1. d4 d5 2. Bf4 Nf6 3. e3 e6 4. Nd2 Bd6 5. Bg3 0-0 6. Bd3 c5 7. c3 Qc7 8. Ngf3 Nbd7 9. Bxd6 Qxd6 10. 0-0 e5 11. Nxe5 Nxe5 12. dxe5 Qxe5 13. Be2 Be6 14. Qa4 Rfd8 15. Rfd1 Qc7 16. Rac1 b6 17. Bf3 Rab8 18. b4 Qe7 19. Nb3 Rbc8 20. h3 Ne4 21. Bxe4 dxe4 22. bxc5 Bxb3 23. axb3 bxc5 24. Ra1 Rd3 25. Rxd3 exd3 26. Qxa7 Qd6 27. Qa6 Qd7 28. Rd1 Rd8 29. Rd2 g6 30. Qc4 Qd6 31. f3 Ra8 32. Qxd3 Ra1+ 33. Kf2 Qh2 34. f4 h5 35. Qb5 Qg1+ 36. Kf3 Rf1+ 37. Ke4 f5+ 38. Kd3 Rd1 39. Qd7 1-0

[Event "BCF-chT2a 1617 (4NCL)"]
[Site "England"]
[Date "2017.01.15"]
[Round "4.46"]
[White "Green, Anthony J"]
[Black "Ismailov, Roman"]
[Result "1-0"]
[WhiteElo "1975"]
[BlackElo "2038"]
[PlyCount "65"]
[EventDate "2016.11.19"]
[EventType "team-tourn"]
[EventRounds "11"]
[EventCountry "ENG"]
[SourceTitle "EXT 2019"]
[Source "ChessBase"]
[SourceDate "2018.10.10"]
[SourceVersion "1"]
[SourceVersionDate "2018.10.10"]
[SourceQuality "1"]
[WhiteTeam "Warwicks Select II"]
[BlackTeam "CSC Dragons"]
[WhiteTeamCountry "ENG"]
[BlackTeamCountry "ENG"]

1. d4 d5 2. c4 e6 3. Nc3 Nf6 4. cxd5 exd5 5. Bg5 Be7 6. Qc2 0-0 7. e3 Nbd7 8. Bd3 h6 9. Bf4 c6 10. Nge2 Re8 11. 0-0 Nf8 12. Rae1 Ne6 13. Bg3 Bd7 14. f3 c5 15. Qd2 Bc6 16. Bf5 Nf8 17. dxc5 Bxc5 18. Nd4 g6 19. Bb1 Qb6 20. Kh1 Rad8 21. Bf4 Kg7 22. Nb3 Ne6 23. Nxc5 Qxc5 24. Be5 Qe7 25. Qf2 Nc5 26. Bd4 Kh7 27. Qh4 Nfd7 28. Qxe7 Rxe7 29. b4 Ne6 30. b5 Rc8 31. bxc6 bxc6 32. Rc1 a5 33. Nxd5 1-0